| 000 | 00439nam a2200181Ia 4500 | ||
|---|---|---|---|
| 001 | 1328 | ||
| 005 | 20260306143720.0 | ||
| 008 | 260306t1982||||xx |||||||||||||| ||spa|| | ||
| 041 | _aESP | ||
| 082 |
_a194 _bL54 |
||
| 100 |
_aLévinas, Emmanuel _eAUT |
||
| 245 | 0 |
_aEthique et infini: _bdialogues avec Philippe Nemo |
|
| 260 | _c1982 | ||
| 300 |
_a120 páginas : _c16 cm. |
||
| 650 | _aGEN | ||
| 654 | _aCHU | ||
| 942 |
_cLIB _dJUS _fJUS _2ddc _n |
||
| 999 |
_c1328 _d1328 |
||